Un Modelo de política económica para México / (Record no. 96963)
[ view plain ]
| 000 -LEADER | |
|---|---|
| fixed length control field | 00472cam a2200145 4500 |
| 005 - DATE AND TIME OF LATEST TRANSACTION | |
| control field | 20161114131800.0 |
| 008 - FIXED-LENGTH DATA ELEMENTS--GENERAL INFORMATION | |
| fixed length control field | s1970 mx spa |
| 050 00 - LIBRARY OF CONGRESS CALL NUMBER | |
| Classification number | HC133 |
| Item number | M63 1970 |
| 245 13 - TITLE STATEMENT | |
| Title | Un Modelo de política económica para México / |
| Statement of responsibility, etc | Escuela Nacional de Economía, División de Estudios Superiores. |
| 260 ## - PUBLICATION, DISTRIBUTION, ETC. (IMPRINT) | |
| Place of publication, distribution, etc | México : |
| Name of publisher, distributor, etc | UNAM, |
| Date of publication, distribution, etc | 1970 |
| 300 ## - PHYSICAL DESCRIPTION | |
| Extent | 125 p. ; |
| Dimensions | 23 cm. |
| 500 ## - GENERAL NOTE | |
| General note | 1 ejemplar |
| 650 10 - SUBJECT ADDED ENTRY--TOPICAL TERM | |
| Topical term or geographic name as entry element | Economía |
| General subdivision | Historia |
| -- | México |
| 942 ## - ADDED ENTRY ELEMENTS (KOHA) | |
| Source of classification or shelving scheme | Biblioteca del Cogreso de los Estados Unidos |
| Koha item type | Libro |
| Estado de pérdida | Fuente de clasificación | Estado del daño | No para préstamo | Ubicación permanente | Ubicación actual | Apartado o colección | Fecha de adquisición | Edición | Dependencia de educación superior (DES) | Área del conocimiento | Clasificación | Código de Barras | Date last seen | Número de copia | Tipo de recurso |
|---|---|---|---|---|---|---|---|---|---|---|---|---|---|---|---|
| Biblioteca del Cogreso de los Estados Unidos | Biblioteca de la Preparatoria Isaac Arriaga | Biblioteca de la Preparatoria Isaac Arriaga | General | 11/03/2019 | 1a. ed | Nivel Medio Superior | Ciencias Sociales y Administrativas | HC133 M63 1970 | PIA000000834 | 11/03/2019 | C.1 | Libro |